000 00296nam a22001337a 4500
008 171006b xxu||||| |||| 00| 0 eng d
020 _a9780801882128
041 _aeng
080 _a159.9
100 _a49
101 _aPSI
245 _aWILIAMS-BEUREN SYNDROME
_cMORRIS, C.A
942 _2udc
_cBK
999 _c32268
_d32268